00465pam a2200181 a 4500001000800000005001700008008004100025010001700066020002300083020002700106040001800133041000800151080001800159082002200177100000700199101000800206245006900214159618820180312091247.0940311s1994 vaua f 001 0 eng  a 94013264  a0783538502 (trade) a0783538510 (lib. bdg.) aDLCcDLCdDLC aeng a690..184 JAM00a690..184 JAM220 a42 aNDE00aDecks, porches, and patios /cby the editors of Time-Life Books.